Viajes de Gulliver

Guardado en:
Detalles Bibliográficos
Autor principal: Swift, Jonathan (Autor)
Formato: Libro
Lenguaje:español
Publicado: Ciudad de México Porrúa 1977
Edición:3a. ed
Colección:Sepan cuántos, 196
Materias:
Etiquetas: Agregar Etiqueta
Sin Etiquetas, Sea el primero en etiquetar este registro!

MARC

LEADER 00000nam a2200000 a 4500
001 UCL0126
003 CL-VaPUC
008 030627e19770000MX |||||||||||||||||spa|d
082 0 4 |a 823  |b SWI  |2 21 
100 0 |a Swift, Jonathan  |e author  |9 265806 
245 1 0 |a Viajes de Gulliver 
250 |a 3a. ed 
300 |a 219 p 
942 |c BK 
945 |d 20030627 00:00:00  |a cmena 
260 |a Ciudad de México  |b Porrúa  |c 1977 
650 0 |a Novelas irlandesas  |9 266298 
650 0 |a Literatura irlandesa  |9 349943 
583 |a last modification  |c 20030627 00:00:00  |k Rodrigo Vera 
490 0 |a Sepan cuántos, 196 
999 |c 304148  |d 304146 
952 |0 0  |1 0  |4 0  |6 823_000000000000000_SWI_1977  |7 0  |8 A  |9 366027  |a BIBARQ  |b BIBARQ  |d 2019-11-21  |i 3908127  |o 823 SWI 1977  |p 3908127  |r 2025-01-20  |w 2019-11-21  |y BK  |k ARQ